=LDR 00000nam 2200000 4500 =001 INLIS000000000046147 =005 20150217090737.0 =006 =007 =008 =020 ##$$a 978-602-8262-01-9 =035 ##$$0010-021500000000708 =040 ##$$a NBPDMAT =082 ##$$a 927 =090 ##$$a 927 $b Iwa m =100 ##$$a Iwan Hendrawan =245 ##$$a Mengenal Pelukis Dunia dan Indonesia $c Oleh Iwan Hendrawan =250 ##$$a Cet.2 =260 ##$$a Jakarta $b Mitra Aksara Panaitan $c 2009 =300 ##$$a xi, 97 hlm. : $b ilus. ; $c 21 cm. =500 ##$$a Bibliografi : hlm.97 =650 ##$$a Pelukis =850 ##$$a NBPDMAT